000 01392nam a2200229Ia 4500
003 Ost
005 20260416102358.0
008 260416s9999||||xx |||||||||||||| ||und||
040 _cfsecg
041 _aara
082 _a657
100 _aمازون، محمد أمين
_eمؤلف
245 0 _aنظرية المحاسبة /
_c محمد أمين مازون
260 _aالجزائر
_bجامعة الجزائر3: كلية العلوم الإقتصادية، العلوم التجارية وعلوم التسيير
_c2021
300 _a109 ورقة
_bايضاحات
_c30 سم
504 _aمراجع ص.103
520 _aالمقومات الأساسية للنظرية المحاسبية ، الفروض و المبادئ المحاسبية و نظرية المحاسبة ،الافصاح و القياس المحاسبي و نظرية المحاسبة ، التباين بين النظم المحاسبية الدولية و مسبباته ، المعايير المحاسبية الدولية و نظرية المحاسبة ، موقع النظام المحاسبي المالي من النظرية المحاسبية .
653 _aالمحاسبة
653 _aالمحاسبة- نظريات
710 _aجامعة الجزائر3: كلية العلوم الإقتصادية، العلوم التجارية وعلوم التسيير
_eناشر علمي
942 _cHANDOUT
999 _c41293
_d41293